| 000 | 00489nam a2200205Ia 4500 | ||
|---|---|---|---|
| 003 | OSt | ||
| 005 | 20230401101737.0 | ||
| 008 | 210423s2009 xx 000 0 und d | ||
| 020 | _a9788130908922 | ||
| 040 | _cAL | ||
| 041 | _aeng | ||
| 082 | _a302.23 LOWS | ||
| 100 |
_aLOWE (Susan);PILE (Louise). _981535 |
||
| 245 | _aNegotiating. | ||
| 260 |
_aNew Delhi _bViva Books Pvt Ltd _c2009 |
||
| 300 |
_aiii,64 _bPB |
||
| 365 |
_b195 _cINR |
||
| 906 | _aNegotiating. | ||
| 942 |
_2ddc _cBK |
||
| 999 |
_c157818 _d157818 |
||